It looks like you're offline.
Open Library logo
additional options menu

MARC record from Internet Archive

LEADER: 01039cam 2200313 a 4500
001 ocm10802380
003 OCoLC
005 20101210131456.0
008 830615s1984 nyu b 000 0 eng
010 $a 83061996
040 $aDLC$cDLC$dBTCTA$dBAKER$dYDXCP
020 $a0809125889 (pbk.) :$c$8.95
020 $a9780809125883 (pbk.)
035 $a(OCoLC)10802380
050 00 $aBV4390$b.C422 1984
082 00 $a261.8/35732$219
245 00 $aCelibate loving :$bencounter in three dimensions /$cedited by Mary Anne Huddleston.
260 $aNew York :$bPaulist Press,$cc1984.
300 $aviii, 232 p. ;$c21 cm.
504 $aBibliography: p. 229-232.
650 0 $aCelibacy.
700 1 $aHuddleston, Mary Anne.
938 $aBaker and Taylor$bBTCP$n83061996 //r90$c$8.95
938 $aBaker & Taylor$bBKTY$c9.95$d7.46$i0809125889$n0000841137$sactive
938 $aYBP Library Services$bYANK$n696080
029 1 $aNZ1$b4651240
029 1 $aAU@$b000003283268
994 $aZ0$bPMR
948 $hNO HOLDINGS IN PMR - 166 OTHER HOLDINGS